000 00456nam a2200181Ia 4500
001 3892
005 20260306145717.0
008 260306t2001||||xx |||||||||||||| ||spa||
041 _aESP
082 _a304.64
_bD22
100 _aDammert, Ana Cecilia
_eAUT
245 0 _aAcceso a servicios de salud y mortalidad infantil en el Perú
260 _c2001
300 _a60 páginas :
_c20 cm.
650 _aGEN
654 _aCHU
942 _cLIB
_dJUS
_fJUS
_2ddc
_n
999 _c3892
_d3892